000 00513nam a2200181Ia 4500
001 17202
005 20260306170407.0
008 260306t2024||||xx |||||||||||||| ||und||
041 _aESP
082 _a657.61
_bA64F
100 _aApaza Meza, Mario,
_eAUT
245 0 _aFlujo de caja versus estado de flujos de efectivo :
_baplicado a sectores económicos y modificaciones de la NIIF 18
260 _c2024
300 _a527 páginas :
_c25 cm.
650 _aGEN
654 _aCCO
942 _cLIB
_dJUS
_fJUS
_2ddc
_n
999 _c17202
_d17202